000 01090nam a2200277Ia 4500
003 OSt
005 20220923211139.0
006 a|||||r|||| 00| 0
007 ta
008 220922b |||||||| |||| 00| 0 hin d
020 _a8185999856 (hbk)
_c250
024 _a238,511
037 _b407, 23/03/2009, Swaraj Prakashan
_cTextual
040 _aARTS
_cARTS
_bhin
041 _2hin
_ahin
082 _aO152,1(Delta25):g, P5
100 _aमिश्र, हरिचन्द्र
_9158746
245 0 _aभक्ति कालीन कृष्ण काव्य और मानव मूल्य
246 _aBhakti kālīn kṛuṣhṇa kāvya aur mānav mūlya
260 _aदिल्ली
_b स्वराज प्रकाशन
_c2005
300 _a107पृ.
_ccm.
650 _a हिन्दी साहित्य
_9156264
650 _aहिन्दी कविता
942 _hO152,1(Delta25):g, P5
_cTEXL
_2CC
999 _c295942
_d295942